| 000 | 00480nam a2200157Ia 4500 | ||
|---|---|---|---|
| 003 | SGT | ||
| 020 | _a9788121922326 | ||
| 082 |
_a511.1 _bSAR |
||
| 100 | _aSarkar,Swapan Kumar | ||
| 245 | 2 | _aA textbook of Discrete mathematics | |
| 260 |
_bS.Chand _aN.Delhi _c2011 |
||
| 300 | _a755p. | ||
| 650 | _aMATHEMATICS | ||
| 653 | _aA BRIEF SURVEY OF DISCRETE MATHEMATICS, MATHEMATICAL LOGIC, NUMBER THEORY, RINGS AND FIELDS, PROBABILITY, ELEMENTS OF CODING THEORY | ||
| 942 |
_2ddc _cBK _080 |
||
| 999 |
_c5263 _d5263 |
||